Statistiken für David Bowie Studioalben

Klicken Sie hier um das Quiz zu spielen!

Allgemein

  • Dieses Quiz wurde 9 mal gespielt
  • Das Durchschnittsergebnis liegt bei 8 aus 26

Antwortstatistiken

HintAntwort% Korrekt
2016Blackstar
75%
1977Heroes
75%
1983Lets Dance
75%
1970The Man Who Sold The World
75%
1972The Rise and Fall of Ziggy Stardust and the Spiders from Mars
75%
1971Hunky Dory
50%
1977Low
50%
1976Station To Station
50%
2013The Next Day
50%
1973Aladdin Sane
25%
1967David Bowie
25%
1969David Bowie (Space Oddity)
25%
1974Diamond Dogs
25%
1997Earthling
25%
1999Hours…
25%
2003Reality
25%
1984Tonight
25%
1993Black Tie White Noise
0%
2002Heathen
0%
1979Lodger
0%
1987Never Let Me Down
0%
1995Outside – The Nathan Adler Diaries: A Hyper Cycle
0%
1973Pinups
0%
1980Scary Monsters
0%
2001Toy
0%
1975Young Americans
0%

Verteilung der Resultate

Perzentil nach korrekt beantworteten Fragen

Anzahl Personen mit jedem Resultat

Ihre Resultats-Entwicklung

Sie haben dieses Quiz noch nicht gespielt